[Event "Panevezys op-A 26th"]
[Site "Panevezys"]
[Date "2013.08.13"]
[Round "3"]
[White "Kviliunas, Vladislovas"]
[Black "Laurusas, Tomas"]
[Result "0-1"]
[WhiteElo "1852"]
[BlackElo "2377"]
[PlyCount "96"]
[EventDate "2013.08.12"]
[EventType "swiss"]
[EventRounds "9"]
[EventCountry "LTU"]
[SourceTitle "CBM 155 Extra"]
[Source "ChessBase"]
[SourceDate "2013.08.26"]
[SourceVersion "1"]
[SourceVersionDate "2013.08.26"]
[SourceQuality "1"]

1. d4 Nf6 2. c4 e6 3. Nf3 b6 4. g3 Ba6 5. Qc2 Bb7 6. Nc3 c5 7. dxc5 bxc5 8. Bg2 Nc6 9. 0-0 Be7 10. b3 0-0 11. Bb2 Qa5 12. Na4 d6 13. Rad1 Rfd8 14. Ng5 e5 15. Bc3 Qc7 16. Bb2 Nb4 17. Qb1 h6 18. Nf3 Be4 19. Qa1 Qb7 20. Ne1 Rac8 21. Nc3 Bxg2 22. Nxg2 Nc2 23. Qb1 Nd4 24. Rfe1 Rd7 25. Ne3 Bd8 26. Ncd5 Nxd5 27. Nxd5 Ba5 28. Nc3 f5 29. f3 Re8 30. Kf2 e4 31. f4 h5 32. e3 Nf3 33. Rh1 Bxc3 34. Bxc3 d5 35. Rxd5 Rxd5 36. cxd5 Qxd5 37. Rd1 Qe6 38. h4 Nh2 39. Qc1 Ng4+ 40. Kg2 Kh7 41. Qd2 Qa6 42. Kg1 Re7 43. Ba1 Rc7 44. Bc3 c4 45. b4 Qa4 46. Ba1 Nxe3 47. Re1 Ng4 48. Qd5 Qc2 0-1

[Event "Panevezys op 25th"]
[Site "Panevezys"]
[Date "2012.08.14"]
[Round "2"]
[White "Kviliunas, Vladislovas"]
[Black "Vicas, Marijus"]
[Result "0-1"]
[WhiteElo "1836"]
[BlackElo "1997"]
[PlyCount "62"]
[EventDate "2012.08.13"]
[EventType "swiss"]
[EventRounds "9"]
[EventCountry "LTU"]
[SourceTitle "CBM 149 Extra"]
[Source "ChessBase"]
[SourceDate "2012.08.24"]
[SourceVersion "1"]
[SourceVersionDate "2012.08.24"]
[SourceQuality "1"]

1. d4 Nf6 2. Nf3 c5 3. d5 b5 4. Bg5 Qb6 5. c3 Bb7 6. Bxf6 Qxf6 7. e4 Qb6 8. Nbd2 d6 9. Qc2 Nd7 10. Be2 g6 11. 0-0 Bg7 12. a4 a6 13. axb5 axb5 14. Rxa8+ Bxa8 15. Ra1 0-0 16. Qb3 c4 17. Qb4 Qc5 18. Qxc5 Nxc5 19. Ra7 e6 20. Nd4 Bh6 21. Nf1 exd5 22. Nxb5 Nxe4 23. f3 Nd2 24. Nxd6 Nxf1 25. Kxf1 Bc1 26. Nxf7 Rb8 27. Nd6 Bxb2 28. Nb5 Bc6 29. Nd4 Be8 30. Ne6 Bxc3 31. Rc7 Bf7 0-1

[Event "Panevezys op-B 24th"]
[Site "Panevezys"]
[Date "2011.08.10"]
[Round "3"]
[White "Kviliunas, Vladislovas"]
[Black "Bucinskas, Lukas"]
[Result "1-0"]
[WhiteElo "1859"]
[BlackElo "1765"]
[PlyCount "79"]
[EventDate "2011.08.09"]
[EventType "swiss"]
[EventRounds "9"]
[EventCountry "LTU"]
[SourceTitle "CBM 144 Extra"]
[Source "ChessBase"]
[SourceDate "2011.10.28"]
[SourceVersion "1"]
[SourceVersionDate "2011.10.28"]
[SourceQuality "1"]

1. d4 e6 2. Nf3 b6 3. g3 Bb7 4. Bg2 c5 5. c3 Nf6 6. Bg5 Be7 7. 0-0 0-0 8. Nbd2 Nd5 9. Bxe7 Nxe7 10. Re1 d5 11. b4 cxb4 12. cxb4 Nd7 13. Rc1 Rc8 14. Qa4 a6 15. Rc2 b5 16. Qb3 Rxc2 17. Qxc2 Qb6 18. Nb3 Rc8 19. Nc5 Nxc5 20. bxc5 a5 21. Rb1 Qa6 22. Bf1 Bc6 23. e3 Rb8 24. a4 Nc8 25. Ne5 Na7 26. Nxc6 Qxc6 27. axb5 Qe8 28. b6 Nc6 29. Bb5 Qc8 30. Qa4 Nd8 31. Qxa5 e5 32. Qa7 exd4 33. exd4 Ne6 34. Bd7 Qd8 35. Bxe6 fxe6 36. c6 Qc8 37. c7 Rb7 38. Qa6 Kf7 39. Ra1 Ke7 40. Qa8 1-0

[Event "Panevezys op-A"]
[Site "Panevezys"]
[Date "2009.08.21"]
[Round "7"]
[White "Tsiganova, Monika"]
[Black "Kviliunas, Vladislovas"]
[Result "1-0"]
[WhiteElo "2190"]
[BlackElo "1908"]
[PlyCount "33"]
[EventDate "2009.08.17"]
[EventType "swiss"]
[EventRounds "9"]
[EventCountry "LTU"]
[SourceTitle "CBM 131 Extra"]
[Source "ChessBase"]
[SourceDate "2009.09.03"]
[SourceVersion "2"]
[SourceVersionDate "2009.09.16"]
[SourceQuality "1"]

1. e4 c6 2. d4 d5 3. e5 Bf5 4. Nf3 e6 5. Be2 c5 6. c4 Bxb1 7. Rxb1 cxd4 8. 0-0 Nc6 9. Qa4 Bc5 10. b4 Be7 11. cxd5 exd5 12. Nxd4 Kf8 13. Nxc6 bxc6 14. Qxc6 Rc8 15. Qa6 h5 16. Be3 Nh6 17. Rfd1 1-0

[Event "Panevezys op-A"]
[Site "Panevezys"]
[Date "2009.08.19"]
[Round "4"]
[White "Kviliunas, Vladislovas"]
[Black "Viskelis, Steponas"]
[Result "1/2-1/2"]
[WhiteElo "1908"]
[BlackElo "2039"]
[PlyCount "45"]
[EventDate "2009.08.17"]
[EventType "swiss"]
[EventRounds "9"]
[EventCountry "LTU"]
[SourceTitle "CBM 131 Extra"]
[Source "ChessBase"]
[SourceDate "2009.09.03"]
[SourceVersion "2"]
[SourceVersionDate "2009.09.16"]
[SourceQuality "1"]

1. d4 Nf6 2. c4 e6 3. Nf3 b6 4. Nc3 Bb7 5. a3 d5 6. cxd5 Nxd5 7. e4 Nxc3 8. bxc3 Bxe4 9. Ne5 Nd7 10. Bb5 c6 11. Nxc6 Bxc6 12. Bxc6 Rc8 13. Bb5 Bd6 14. Qg4 0-0 15. Bh6 Qf6 16. Bd2 Qe7 17. a4 Nf6 18. Qf3 e5 19. 0-0 exd4 20. cxd4 Qe4 21. Qxe4 Nxe4 22. Rfd1 Nxd2 23. Rxd2 1/2-1/2

[Event "Panevezys op-A"]
[Site "Panevezys"]
[Date "2009.08.18"]
[Round "2"]
[White "Kviliunas, Vladislovas"]
[Black "Malinin, Yuri"]
[Result "0-1"]
[WhiteElo "1908"]
[BlackElo "2319"]
[PlyCount "48"]
[EventDate "2009.08.17"]
[EventType "swiss"]
[EventRounds "9"]
[EventCountry "LTU"]
[SourceTitle "CBM 131 Extra"]
[Source "ChessBase"]
[SourceDate "2009.09.03"]
[SourceVersion "2"]
[SourceVersionDate "2009.09.16"]
[SourceQuality "1"]

1. d4 Nf6 2. Nf3 c5 3. d5 g6 4. g3 Bg7 5. Bg2 0-0 6. 0-0 d6 7. c4 e6 8. Nc3 exd5 9. cxd5 a6 10. a4 Re8 11. Ng5 Qc7 12. Nge4 Nxe4 13. Nxe4 Bf5 14. Nc3 Nd7 15. e4 Bxc3 16. exf5 Bd4 17. Qc2 Ne5 18. Bf4 Rac8 19. Bh3 Rb8 20. Rad1 Qa5 21. Kg2 b5 22. f6 bxa4 23. Rxd4 cxd4 24. Bxe5 Qxd5+ 0-1

[Event "Panevezys op-A"]
[Site "Panevezys"]
[Date "2009.08.18"]
[Round "3"]
[White "Zebelis, Rimantas"]
[Black "Kviliunas, Vladislovas"]
[Result "0-1"]
[WhiteElo "1982"]
[BlackElo "1908"]
[PlyCount "102"]
[EventDate "2009.08.17"]
[EventType "swiss"]
[EventRounds "9"]
[EventCountry "LTU"]
[SourceTitle "CBM 131 Extra"]
[Source "ChessBase"]
[SourceDate "2009.09.03"]
[SourceVersion "2"]
[SourceVersionDate "2009.09.16"]
[SourceQuality "1"]

1. d4 Nf6 2. Nf3 e6 3. c4 d5 4. a3 c5 5. e3 cxd4 6. exd4 Be7 7. Nc3 0-0 8. Bd3 Nc6 9. 0-0 dxc4 10. Bxc4 Nd5 11. Bxd5 exd5 12. Qb3 Be6 13. Qxb7 Na5 14. Qa6 Nb3 15. Ra2 Bf6 16. Be3 Qc7 17. Qd3 Rfc8 18. Nd2 Qb7 19. Qc2 Nxd4 20. Bxd4 Bxd4 21. Qd3 Bxc3 22. bxc3 Qc7 23. Rc2 Qf4 24. Rfc1 Bf5 25. Qe3 Qxe3 26. fxe3 Bxc2 27. Rxc2 Rab8 28. Kf2 Rb6 29. Ke2 Ra6 30. Nb1 Rb8 31. Rc1 Rb2+ 32. Kd3 Rxg2 33. Nd2 Rxa3 34. Rb1 g6 35. Rb5 Ra2 36. Nb3 Rab2 37. Kd4 Rxh2 38. Rb8+ Kg7 39. Kxd5 Rh5+ 40. Kc4 a6 41. Ra8 Re5 42. Rxa6 Rxe3 43. Nd4 Rb7 44. Rc6 h5 45. Nb5 Rd7 46. Kc5 h4 47. Ra6 Rd1 48. Ra2 g5 49. c4 h3 50. Nd4 Re5+ 51. Kd6 f6 0-1

[Event "Panevezys op-A"]
[Site "Panevezys"]
[Date "2009.08.17"]
[Round "1"]
[White "Bieliauskas, Marius"]
[Black "Kviliunas, Vladislovas"]
[Result "1/2-1/2"]
[WhiteElo "2144"]
[BlackElo "1908"]
[PlyCount "144"]
[EventDate "2009.08.17"]
[EventType "swiss"]
[EventRounds "9"]
[EventCountry "LTU"]
[SourceTitle "CBM 131 Extra"]
[Source "ChessBase"]
[SourceDate "2009.09.03"]
[SourceVersion "2"]
[SourceVersionDate "2009.09.16"]
[SourceQuality "1"]

1. d4 Nf6 2. c4 e5 3. dxe5 Ng4 4. Bf4 Nc6 5. Nf3 Bb4+ 6. Nbd2 Qe7 7. a3 Ngxe5 8. Nxe5 Nxe5 9. Bxe5 Bxd2+ 10. Qxd2 Qxe5 11. e3 0-0 12. Be2 d6 13. 0-0 Bf5 14. Bf3 Be4 15. Bxe4 Qxe4 16. Qd5 Rfe8 17. Rfd1 Re5 18. Qxe4 Rxe4 19. Rac1 b6 20. Rd4 Rae8 21. Rxe4 Rxe4 22. b4 f5 23. g3 Kf7 24. Rc3 a6 25. f3 Re5 26. Kf2 Ke7 27. h3 Kd7 28. g4 g6 29. Kg3 a5 30. g5 axb4 31. axb4 b5 32. cxb5 Rxb5 33. Rc4 Re5 34. Kf2 c6 35. Ke2 Kc7 36. Kd3 Kb6 37. Rd4 Re6 38. Rh4 Re7 39. Rd4 Re6 40. e4 fxe4+ 41. fxe4 Re5 42. h4 Kc7 43. Rc4 Kd7 44. Rc1 Rb5 45. Kc4 Ke6 46. Rf1 Rb7 47. Rf8 Rf7 48. Rc8 Kd7 49. Rh8 Ke7 50. Kd4 Kd7 51. Kc4 Ke7 52. b5 cxb5+ 53. Kxb5 Kd7 54. Kc4 Re7 55. Kd4 Ke6 56. Rf8 Kd7 57. Rf1 Ke6 58. h5 gxh5 59. Rf6+ Kd7 60. Rh6 Rg7 61. Rxh5 Ke6 62. Kd3 Rg6 63. Kd4 Rg7 64. Ke3 Rf7 65. Rh1 d5 66. Rh5 dxe4 67. Kxe4 Ke7 68. Ke5 Kf8 69. Ke6 Re7+ 70. Kd6 Rf7 71. Rh6 Kg7 72. Re6 Rf5 1/2-1/2

[Event "Panevezys op-A"]
[Site "Panevezys"]
[Date "2008.08.13"]
[Round "3"]
[White "Kviliunas, Vladislovas"]
[Black "Petraitis, Gintautas"]
[Result "1/2-1/2"]
[WhiteElo "1877"]
[BlackElo "2071"]
[PlyCount "138"]
[EventDate "2008.08.12"]
[EventType "swiss"]
[EventRounds "9"]
[EventCountry "LTU"]
[SourceTitle "CBM 125 Extra"]
[Source "ChessBase"]
[SourceDate "2008.09.01"]
[SourceVersion "1"]
[SourceVersionDate "2008.09.01"]
[SourceQuality "1"]

1. d4 Nf6 2. Nf3 g6 3. c4 Bg7 4. Nc3 0-0 5. e4 d6 6. Be2 e5 7. dxe5 dxe5 8. Bg5 Qxd1+ 9. Rxd1 c6 10. 0-0 Nbd7 11. Rd6 h6 12. Bh4 g5 13. Bg3 Nh5 14. Rfd1 Nxg3 15. hxg3 Nf6 16. Nxe5 Ne8 17. Nxf7 Kxf7 18. Rd8 Bxc3 19. bxc3 Nf6 20. e5 Rxd8 21. Rxd8 Ke7 22. Rh8 Ne4 23. Bg4 Bxg4 24. Rxa8 Be2 25. Rxa7 Nc5 26. Ra5 b6 27. Ra7+ Ke6 28. Rc7 Bxc4 29. Rxc6+ Kxe5 30. Rxb6 Bxa2 31. Rxh6 Ne4 32. Rh5 Kf6 33. Rh6+ Ke5 34. Rc6 Be6 35. c4 g4 36. f3 gxf3 37. gxf3 Nxg3 38. Kf2 Nf5 39. f4+ Kf6 40. Rc7 Nd6 41. c5 Ne8 42. Ra7 Bd5 43. Ke3 Ke6 44. Kd4 Bg2 45. Ra2 Bf3 46. Rf2 Bc6 47. Re2+ Kf5 48. Re7 Kxf4 49. Rf7+ Kg5 50. Ke5 Kg6 51. Ra7 Kg5 52. Ra6 Bb5 53. Rb6 Ba4 54. c6 Nf6 55. Ke6 Bxc6 56. Rxc6 Ng4 57. Rc5+ Kf4 58. Rf5+ Ke4 59. Rf1 Ne3 60. Re1 Kd4 61. Kf6 Nd5+ 62. Kf5 Ne3+ 63. Ke6 Ke4 64. Ra1 Kd4 65. Ra4+ Nc4 66. Kf5 Kd5 67. Ra8 Ne3+ 68. Kf4 Kd4 69. Kf3 Nd5 1/2-1/2

[Event "Panevezys op-A"]
[Site "Panevezys"]
[Date "2008.08.12"]
[Round "1"]
[White "Kviliunas, Vladislovas"]
[Black "Narmontas, Raimondas"]
[Result "0-1"]
[WhiteElo "1877"]
[BlackElo "2148"]
[PlyCount "96"]
[EventDate "2008.08.12"]
[EventType "swiss"]
[EventRounds "9"]
[EventCountry "LTU"]
[SourceTitle "CBM 125 Extra"]
[Source "ChessBase"]
[SourceDate "2008.09.01"]
[SourceVersion "1"]
[SourceVersionDate "2008.09.01"]
[SourceQuality "1"]

1. d4 e6 2. Nf3 f5 3. c4 Nf6 4. g3 d5 5. cxd5 exd5 6. Bg2 Bd6 7. Bg5 0-0 8. Ne5 c6 9. 0-0 Qb6 10. Bxf6 gxf6 11. Nf3 Qxb2 12. Qd2 Qxd2 13. Nbxd2 a5 14. Bh3 f4 15. Bxc8 Rxc8 16. Nh4 Re8 17. Rfe1 Nd7 18. Nf5 Bb4 19. Rad1 Nb6 20. gxf4 Nc4 21. Nf3 Bxe1 22. Rxe1 b5 23. Kh1 Kf7 24. e3 b4 25. Rg1 a4 26. N3h4 Ke6 27. Ng7+ Kd6 28. Nxe8+ Rxe8 29. Rg7 Ke6 30. Rb7 a3 31. Rxb4 Ra8 32. Rb7 Ra5 33. Rxh7 Rb5 34. f5+ Kd6 35. Ng6 Rb2 36. Ne7 Nb6 37. Ng8 Nd7 38. Re7 Rxa2 39. Re6+ Kc7 40. Ne7 Rc2 41. Nxd5+ cxd5 42. Ra6 a2 43. Kg2 Nb6 44. h4 Kb7 45. Ra3 Nc4 46. Ra4 Nxe3+ 47. Kf3 Nxf5 48. h5 Nxd4+ 0-1

[Event "Panevezys op 20th"]
[Site "Panevezys"]
[Date "2007.08.19"]
[Round "3"]
[White "Priednieks, Eriks"]
[Black "Kviliunas, Vladislovas"]
[Result "1/2-1/2"]
[WhiteElo "2203"]
[BlackElo "1861"]
[PlyCount "58"]
[EventDate "2007.08.18"]
[EventType "swiss"]
[EventRounds "9"]
[EventCountry "LTU"]
[SourceTitle "CBM 119 Extra"]
[Source "ChessBase"]
[SourceDate "2007.09.04"]
[SourceVersion "1"]
[SourceVersionDate "2007.09.04"]
[SourceQuality "1"]

1. Nf3 Nf6 2. c4 e6 3. b3 d5 4. Bb2 c5 5. cxd5 exd5 6. e3 Be7 7. Be2 0-0 8. 0-0 Nc6 9. d4 cxd4 10. Nxd4 Be6 11. Nd2 Rc8 12. N2f3 Ne4 13. Rc1 Qa5 14. a3 Bf6 15. Nxc6 Rxc6 16. Bxf6 Nxf6 17. Nd4 Rxc1 18. Qxc1 Rc8 19. Qa1 Qc3 20. Rd1 Ne4 21. h3 a6 22. a4 Qxa1 23. Rxa1 Rc3 24. Bd1 g6 25. Kf1 Kg7 26. Ke1 h5 27. Ne2 Rc8 28. Rc1 Nf6 29. Rxc8 Bxc8 1/2-1/2

[Event "Panevezys-ch"]
[Site "Panevezys"]
[Date "2007.04.29"]
[Round "13"]
[White "Kviliunas, Vladislovas"]
[Black "Bazevicius, Albertas"]
[Result "1/2-1/2"]
[WhiteElo "1895"]
[BlackElo "1912"]
[PlyCount "49"]
[EventDate "2007.02.04"]
[EventType "tourn"]
[EventRounds "13"]
[EventCountry "LTU"]
[SourceTitle "EXT 2010"]
[Source "ChessBase"]
[SourceDate "2010.11.25"]
[SourceVersion "1"]
[SourceVersionDate "2010.11.25"]
[SourceQuality "1"]

1. d4 Nf6 2. Nf3 e6 3. c4 b6 4. g3 Bb7 5. Bg2 Bb4+ 6. Bd2 Be7 7. Nc3 0-0 8. Qc2 d5 9. Bg5 Ne4 10. Bxe7 Qxe7 11. 0-0 Na6 12. a3 c5 13. cxd5 exd5 14. e3 Rac8 15. Bh3 f5 16. Ne5 Nxc3 17. bxc3 g6 18. Qd2 Nc7 19. Rfc1 Ne6 20. f4 c4 21. Qf2 Ng7 22. g4 fxg4 23. Bxg4 Rc7 24. Qg3 Bc8 25. h3 1/2-1/2

[Event "Panevezys-ch"]
[Site "Panevezys"]
[Date "2007.04.01"]
[Round "10"]
[White "Viskelis, Steponas"]
[Black "Kviliunas, Vladislovas"]
[Result "1-0"]
[WhiteElo "2064"]
[BlackElo "1895"]
[PlyCount "75"]
[EventDate "2007.02.04"]
[EventType "tourn"]
[EventRounds "13"]
[EventCountry "LTU"]
[SourceTitle "EXT 2010"]
[Source "ChessBase"]
[SourceDate "2010.11.25"]
[SourceVersion "1"]
[SourceVersionDate "2010.11.25"]
[SourceQuality "1"]

1. c4 e6 2. Nc3 d5 3. d4 Nf6 4. Bg5 Be7 5. e3 0-0 6. Nf3 c6 7. Bd3 Re8 8. 0-0 h6 9. Bh4 Nbd7 10. Rc1 Qb6 11. Qc2 Bb4 12. a3 Bxc3 13. bxc3 Qa5 14. cxd5 exd5 15. Qb3 b5 16. Qb4 Qb6 17. a4 a6 18. Nd2 Bb7 19. Rb1 Qd8 20. Nb3 g5 21. Bg3 Ne4 22. Na5 Qc8 23. Rfd1 Nb6 24. Be5 f6 25. Bxe4 fxe5 26. Bg6 Qc7 27. Bxe8 Rxe8 28. Rdc1 Bc8 29. axb5 axb5 30. Ra1 Na4 31. Ra2 Bf5 32. Nb3 Bd3 33. Nc5 Bc4 34. Ra3 Nb6 35. Rca1 Qh7 36. Ra6 Nc8 37. Rxc6 Qc2 38. Qb1 1-0

[Event "Panevezys-ch"]
[Site "Panevezys"]
[Date "2007.02.18"]
[Round "4"]
[White "Stauskas, Adolfas"]
[Black "Kviliunas, Vladislovas"]
[Result "1/2-1/2"]
[WhiteElo "1798"]
[BlackElo "1895"]
[PlyCount "36"]
[EventDate "2007.02.04"]
[EventType "tourn"]
[EventRounds "13"]
[EventCountry "LTU"]
[SourceTitle "EXT 2010"]
[Source "ChessBase"]
[SourceDate "2010.11.25"]
[SourceVersion "1"]
[SourceVersionDate "2010.11.25"]
[SourceQuality "1"]

1. e4 c6 2. c4 d5 3. exd5 cxd5 4. cxd5 Nf6 5. Nc3 Nxd5 6. Nf3 e6 7. d4 Be7 8. Bc4 0-0 9. 0-0 Nc6 10. Re1 a6 11. Bb3 Nxc3 12. bxc3 b5 13. Qd3 Ra7 14. Bc2 g6 15. Bh6 Re8 16. Qe3 Rd7 17. h4 Bf6 18. Bg5 Bb7 1/2-1/2

[Event "Panevezys-ch"]
[Site "Panevezys"]
[Date "2007.02.11"]
[Round "3"]
[White "Lomonosovas, Vitalijus"]
[Black "Kviliunas, Vladislovas"]
[Result "1-0"]
[WhiteElo "2143"]
[BlackElo "1895"]
[PlyCount "51"]
[EventDate "2007.02.04"]
[EventType "tourn"]
[EventRounds "13"]
[EventCountry "LTU"]
[SourceTitle "EXT 2010"]
[Source "ChessBase"]
[SourceDate "2010.11.25"]
[SourceVersion "1"]
[SourceVersionDate "2010.11.25"]
[SourceQuality "1"]

1. Nf3 Nf6 2. b3 g6 3. Bb2 Bg7 4. c4 0-0 5. g3 c6 6. Bg2 Re8 7. 0-0 d6 8. d4 Bf5 9. Nh4 Qc8 10. Nc3 Bh3 11. e4 Bxg2 12. Kxg2 Na6 13. f4 Ng4 14. Qd2 Nb4 15. h3 Nc2 16. hxg4 Nxa1 17. Bxa1 Qxg4 18. Nd1 Rad8 19. Ne3 Qc8 20. Nf3 e6 21. d5 exd5 22. exd5 h6 23. Bxg7 Kxg7 24. f5 f6 25. fxg6 c5 26. Nh4 1-0